Genetics (Record no. 7052)

MARC details
000 -LEADER
fixed length control field 00701pam a2200253 i 4500
001 - CONTROL NUMBER
control field 4097795
003 - CONTROL NUMBER IDENTIFIER
control field OSt
005 - DATE AND TIME OF LATEST TRANSACTION
control field 20210830161449.0
008 - FIXED-LENGTH DATA ELEMENTS--GENERAL INFORMATION
fixed length control field 750116s1976 nyua b 001 0 eng
010 ## - LIBRARY OF CONGRESS CONTROL NUMBER
LC control number 74033103
020 ## - INTERNATIONAL STANDARD BOOK NUMBER
International Standard Book Number 0024180904
040 ## - CATALOGING SOURCE
Original cataloging agency DLC
Transcribing agency DDC
Modifying agency DLC
050 00 - LIBRARY OF CONGRESS CALL NUMBER
Classification number QH430
Item number .S87 1976
082 00 - DEWEY DECIMAL CLASSIFICATION NUMBER
Classification number 575.1STR1976
100 1# - MAIN ENTRY--PERSONAL NAME
Personal name Strickberger, Monroe W.
9 (RLIN) 14517
245 10 - TITLE STATEMENT
Title Genetics
Statement of responsibility, etc. Strickberger,Monroe.W
250 ## - EDITION STATEMENT
Edition statement 2d ed.
260 ## - PUBLICATION, DISTRIBUTION, ETC. (IMPRINT)
Place of publication, distribution, etc. New York :
Name of publisher, distributor, etc. Macmillan,
Date of publication, distribution, etc. c1976.
300 ## - PHYSICAL DESCRIPTION
Extent xiv, 914 p. :
Other physical details ill. ;
Dimensions 24 cm.
504 ## - BIBLIOGRAPHY, ETC. NOTE
Bibliography, etc Includes bibliographies and indexes.
650 #0 - SUBJECT ADDED ENTRY--TOPICAL TERM
Topical term or geographic name as entry element Biology
9 (RLIN) 5602
906 ## - LOCAL DATA ELEMENT F, LDF (RLIN)
a 7
b cbc
c orignew
d 1
e ocip
f 19
g y-gencatlg
942 ## - ADDED ENTRY ELEMENTS (KOHA)
Source of classification or shelving scheme Dewey Decimal Classification
Koha item type Open Shelf

No items available.